Memorias de la campaña a Villa Rica: 1882-1883

Bewaard in:
Bibliografische gegevens
Hoofdauteur: Subercaseaux, Francisco Antonio (Auteur)
Formaat: Boek
Taal:Spaans
Gepubliceerd in: Santiago Imprenta de la Librería Americana, de Carlos 2§ Lathrop 1883
Editie:1a. ed
Onderwerpen:
Tags: Voeg label toe
Geen labels, Wees de eerste die dit record labelt!

MARC

LEADER 00000nam a2200000 a 4500
001 UCJ5337
003 CL-VaPUC
008 070124e18830000CL |||||||||||||||||spa|d
082 0 4 |a 983  |b SUB  |2 21 
100 |a Subercaseaux, Francisco Antonio  |e author  |9 509318 
245 1 0 |a Memorias de la campaña a Villa Rica: 1882-1883 
250 |a 1a. ed 
300 |a 184 p 
942 |c BK 
945 |d 20070124 00:00:00  |a rinostro 
260 |a Santiago  |b Imprenta de la Librería Americana, de Carlos 2§ Lathrop  |c 1883 
650 0 |a Araucanos  |9 314060 
650 0 |a Guerra de Arauco  |9 267618 
650 7 |a PACIFICACION DE LA ARAUCANIA  |2 CL-VaPUC  |9 504217 
650 0 |a Colonización  |9 265172 
650 0 |a Etnografía   |9 309735 
650 0 |a Cultura  |9 269059 
650 7 |a LENGUA ARAUCANA  |2 CL-VaPUC  |9 506597 
651 0 |a Araucanía   |9 257448 
651 7 |a VILLARRICA  |2 CL-VaPUC  |9 443930 
651 7 |a ANGOL  |2 CL-VaPUC  |9 446074 
583 |a last modification  |c 20070124 00:00:00  |k Rodrigo Vera 
999 |c 321447  |d 321445 
952 |0 0  |1 0  |4 0  |6 983_000000000000000_SUB_1883  |7 0  |8 X  |9 400184  |a FDOBUD  |b FDOBUD  |d 2019-11-22  |i 1033263  |o 983 SUB 1883  |p 1033263  |r 2019-11-22  |w 2019-11-22  |y BK_X  |k BUD